[Event "Paulo Afonso Clube Montessori 1st"]
[Site "Paulo Afonso"]
[Date "2015.09.10"]
[Round "7"]
[White "Melo, Ruan Kelvin Gama"]
[Black "Teixeira, Rui Eduardo Pereira"]
[Result "0-1"]
[WhiteElo "1676"]
[BlackElo "1566"]
[PlyCount "58"]
[EventDate "2015.08.31"]
[EventType "tourn"]
[EventRounds "18"]
[EventCountry "BRA"]
[SourceTitle "EXT 2022"]
[Source "ChessBase"]
[SourceDate "2021.10.06"]
[SourceVersion "1"]
[SourceVersionDate "2021.10.06"]
[SourceQuality "1"]

1. e4 c5 2. Nf3 e6 3. Nc3 a6 4. d4 cxd4 5. Nxd4 Nc6 6. Nxc6 bxc6 7. Be3 d5 8. exd5 cxd5 9. Be2 Be7 10. 0-0 Rb8 11. Rb1 Nf6 12. Qd4 Rb4 13. Qa7 0-0 14. Bxa6 Bxa6 15. Qxa6 Qb8 16. b3 d4 17. a3 Rb6 18. Qa5 dxe3 19. fxe3 Rc8 20. Rbd1 Rb7 21. Rd3 Ra7 22. Qb5 Rxa3 23. Qxb8 Rxb8 24. Na4 Ra2 25. Rc3 Nd5 26. Rc6 Nxe3 27. Rc1 h6 28. Kf2 Nd5 29. Rc4 Rxb3 0-1

[Event "Paulo Afonso Clube Montessori 1st"]
[Site "Paulo Afonso"]
[Date "2015.09.02"]
[Round "3"]
[White "Melo Filho, Luiz Carlos Lima"]
[Black "Teixeira, Rui Eduardo Pereira"]
[Result "1-0"]
[WhiteElo "1746"]
[BlackElo "1566"]
[PlyCount "53"]
[EventDate "2015.08.31"]
[EventType "tourn"]
[EventRounds "18"]
[EventCountry "BRA"]
[SourceTitle "EXT 2022"]
[Source "ChessBase"]
[SourceDate "2021.10.06"]
[SourceVersion "1"]
[SourceVersionDate "2021.10.06"]
[SourceQuality "1"]

1. d4 d5 2. c4 Nf6 3. e3 dxc4 4. Bxc4 e6 5. Nf3 Bd6 6. Nc3 0-0 7. e4 Bb4 8. e5 Bxc3+ 9. bxc3 Ne4 10. Qd3 b5 11. Bxb5 Bb7 12. 0-0 a6 13. Ba4 Bc6 14. Ba3 Re8 15. Bxc6 Nxc6 16. Qxe4 Na5 17. Nd2 f5 18. exf6 Qxf6 19. Rfe1 Qg5 20. Bc1 Rf8 21. Nc4 Qb5 22. Qxe6+ Rf7 23. Ne5 Re8 24. Qxf7+ Kh8 25. Ng6+ hxg6 26. Rxe8+ Kh7 27. Qg8# 1-0